| 000 | 00775cam a2200277 i 4500 | ||
|---|---|---|---|
| 001 | 4690035 | ||
| 003 | ARRUPE | ||
| 005 | 20141002180125.0 | ||
| 008 | 741030s1974 enk b 000 0 eng | ||
| 010 | _a74186513 | ||
| 020 | _a0816402604 (Seabury) : | ||
| 035 | _a(OCoLC)ocm01103553 | ||
| 035 | _a(NNC)4690035 | ||
| 040 |
_aDLC _cDLC |
||
| 050 | 0 | 0 |
_aBV4637 _b.H63 1974 |
| 098 | _aRS45 | ||
| 100 | 1 |
_aHolloway, Richard, _d1933- _91599 |
|
| 245 | 1 | 0 |
_aNew vision of glory / _cby Richard Holloway. |
| 260 |
_aLondon : _bMowbray ; _aNew York : _bSeabury Press, _c1974. |
||
| 300 |
_a[10], 198 p. ; _c21 cm. |
||
| 504 | _aIncludes bibliographical references. | ||
| 650 | 0 |
_aFaith. _912030 |
|
| 650 | 0 |
_aApologetics. _912031 |
|
| 942 |
_2lcc _cMONOGRAPH |
||
| 999 |
_c121070 _d121070 |
||